[Event "NBC Millennium Email"]
[Site "Netherland"]
[Date "1999.11.03"]
[Round "?"]
[White "Elwert, Hans Marcus"]
[Black "Andersson, Ulf"]
[Result "1/2-1/2"]
[WhiteElo "2681"]
[BlackElo "2805"]
[PlyCount "114"]
[EventDate "2000.01.01"]
[EventType "tourn (corr)"]
[EventRounds "10"]
[EventCountry "NED"]
[SourceTitle "Corr 2002"]
[Source "ChessBase"]
[SourceDate "2002.05.23"]
[SourceVersion "1"]
[SourceVersionDate "2002.05.23"]
[SourceQuality "1"]

1. e4 c5 2. Nf3 e6 3. d4 cxd4 4. Nxd4 a6 5. Bd3 Bc5 6. Nb3 Ba7 7. 0-0 Ne7 8. Qe2 d6 9. Be3 Bxe3 10. Qxe3 e5 11. c4 Be6 12. Nc3 Nd7 13. Be2 Qb6 14. Qxb6 Nxb6 15. Nd2 Nc6 16. b3 Nd4 17. Rfd1 Ke7 18. Nf1 a5 19. Ne3 a4 20. Bd3 Rhc8 21. Rdb1 axb3 22. axb3 g6 23. g3 Kd8 24. Rxa8 Rxa8 25. Nc2 Nxc2 26. Bxc2 Bd7 27. Rd1 Ke7 28. f4 f6 29. Kf2 Ra3 30. Rd3 Be6 31. Nb5 Ra2 32. Rd2 Nd7 33. Ke2 Nc5 34. f5 Bd7 35. Nc3 Ra3 36. Nd5+ Kf7 37. b4 Nb3 38. Bxb3 Rxb3 39. fxg6+ hxg6 40. Ra2 Be6 41. b5 f5 42. Ra7 Bxd5 43. exd5 e4 44. Kd2 Kf6 45. Kc2 Rb4 46. Kc3 Rb1 47. Kc2 e3 48. Kd3 Rb3+ 49. Kd4 g5 50. Ra2 b6 51. Re2 f4 52. gxf4 gxf4 53. Ke4 Rc3 54. Kxf4 Rxc4+ 55. Kxe3 Ke5 56. Kf3+ Kxd5 57. Kg3 Rc5 1/2-1/2

[Event "NBC Millennium Email"]
[Site "Netherland"]
[Date "1999.11.03"]
[Round "?"]
[White "Tarnowiecki, Harald"]
[Black "Elwert, Hans Marcus"]
[Result "1/2-1/2"]
[WhiteElo "2676"]
[BlackElo "2681"]
[PlyCount "45"]
[EventDate "2000.01.01"]
[EventType "tourn (corr)"]
[EventRounds "10"]
[EventCountry "NED"]
[SourceTitle "Corr 2002"]
[Source "ChessBase"]
[SourceDate "2002.05.23"]
[SourceVersion "1"]
[SourceVersionDate "2002.05.23"]
[SourceQuality "1"]

1. e4 c5 2. Nc3 Nc6 3. g3 g6 4. Bg2 Bg7 5. d3 d6 6. f4 e6 7. Nf3 Nge7 8. 0-0 0-0 9. Bd2 Rb8 10. Rb1 b5 11. a3 Qd7 12. b4 a6 13. bxc5 Qa7 14. Kh1 Qxc5 15. e5 d5 16. Qc1 Bd7 17. Ne2 b4 18. Be3 Qa5 19. Rb3 Rfc8 20. Bd2 Qc5 21. Be3 Qa5 22. Bd2 Qc5 23. Be3 1/2-1/2

[Event "CAPA 10th jub email"]
[Site "email"]
[Date "1999.??.??"]
[Round "?"]
[White "Alvarez, Roberto Gabriel"]
[Black "Elwert, Hans Marcus"]
[Result "1-0"]
[WhiteElo "2605"]
[BlackElo "2681"]
[PlyCount "61"]
[EventDate "1999.12.01"]
[EventType "tourn (corr)"]
[EventRounds "10"]
[EventCategory "16"]
[SourceTitle "Corr 2002"]
[Source "ChessBase"]
[SourceDate "2002.05.23"]
[SourceVersion "1"]
[SourceVersionDate "2002.05.23"]
[SourceQuality "1"]

1. e4 c5 2. Nf3 d6 3. d4 cxd4 4. Nxd4 Nf6 5. Nc3 a6 6. Be3 e6 7. f3 b5 8. g4 h6 9. Qd2 Nbd7 10. 0-0-0 Bb7 11. h4 b4 12. Na4 Qa5 13. b3 Nc5 14. a3 Nxa4 15. axb4 Qc7 16. bxa4 d5 17. e5 Nd7 18. f4 Nb6 19. f5 Nxa4 20. fxe6 Nc3 21. exf7+ Kxf7 22. Bd3 Bxb4 23. Rdf1+ Kg8 24. Qf2 Ba3+ 25. Kd2 Ne4+ 26. Bxe4 dxe4 27. g5 Bd5 28. e6 Rf8 29. Qg2 Qc4 30. Rxf8+ Bxf8 31. g6 1-0

[Event "CAPA 10th jub email"]
[Site "email"]
[Date "1999.??.??"]
[Round "?"]
[White "Elwert, Hans Marcus"]
[Black "Berdichesky, Ruben"]
[Result "1-0"]
[WhiteElo "2681"]
[BlackElo "2633"]
[PlyCount "66"]
[EventDate "1999.12.01"]
[EventType "tourn (corr)"]
[EventRounds "10"]
[EventCategory "16"]
[SourceTitle "Corr 2002"]
[Source "ChessBase"]
[SourceDate "2002.05.23"]
[SourceVersion "1"]
[SourceVersionDate "2002.05.23"]
[SourceQuality "1"]

1. Nf3 Nf6 2. c4 g6 3. d4 Bg7 4. g3 0-0 5. Bg2 d6 6. Nc3 Nc6 7. 0-0 a6 8. h3 e5 9. Be3 Rb8 10. Rc1 exd4 11. Nxd4 Na5 12. b3 c5 13. Nc2 Be6 14. Na3 Nc6 15. Qd2 Qd7 16. Kh2 Rfd8 17. Rfd1 Nd4 18. Bf4 Ne8 19. e3 Nc6 20. e4 Nd4 21. Nc2 Nc6 22. a4 Nc7 23. Nd5 Bxd5 24. cxd5 Ne5 25. Bg5 f6 26. Be3 b6 27. f4 Nf7 28. g4 Re8 29. Qd3 b5 30. b4 c4 31. Qd2 f5 32. gxf5 gxf5 33. Bd4 Bh6 1-0

[Event "CAPA 10th jub email"]
[Site "email"]
[Date "1999.??.??"]
[Round "?"]
[White "Elwert, Hans Marcus"]
[Black "Morgado, Juan Sebastian"]
[Result "1-0"]
[WhiteElo "2681"]
[BlackElo "2618"]
[PlyCount "115"]
[EventDate "1999.12.01"]
[EventType "tourn (corr)"]
[EventRounds "10"]
[EventCategory "16"]
[SourceTitle "Corr 2002"]
[Source "ChessBase"]
[SourceDate "2002.05.23"]
[SourceVersion "1"]
[SourceVersionDate "2002.05.23"]
[SourceQuality "1"]

1. Nf3 d5 2. d4 Nf6 3. c4 c6 4. Nc3 dxc4 5. a4 Bf5 6. e3 e6 7. Bxc4 Bb4 8. 0-0 Nbd7 9. Qe2 Bg6 10. e4 0-0 11. Bd3 Bh5 12. e5 Nd5 13. Nxd5 cxd5 14. Qe3 h6 15. Ne1 Bxe1 16. Rxe1 Bg6 17. Be2 Rc8 18. Bd2 Nb8 19. Bb4 Re8 20. Bb5 Nc6 21. Bc5 Qg5 22. Qxg5 hxg5 23. a5 a6 24. Bf1 f6 25. b4 fxe5 26. dxe5 g4 27. Ra2 Be4 28. Bd6 Nd4 29. Rd2 Nb5 30. Bc5 Bf5 31. Re3 Kf7 32. f3 gxf3 33. Rxf3 Kg6 34. Rdf2 Rc7 35. h4 Kh7 36. g4 Bxg4 37. Rf7 Rec8 38. Bd3+ Kh6 39. Kg2 Nc3 40. Kg3 Bf5 41. Rxc7 Rxc7 42. Bxf5 exf5 43. Rxf5 g6 44. Rf8 Ne4+ 45. Kf4 Nxc5 46. bxc5 d4 47. Ke4 d3 48. e6 Kg7 49. Rf1 Rxc5 50. e7 Rc2 51. Kxd3 Rc8 52. Kd4 Re8 53. Re1 Kf7 54. Kc5 Rc8+ 55. Kb6 Ke8 56. Kxb7 Rc4 57. Kxa6 Rxh4 58. Kb5 1-0

[Event "Korning mem corr"]
[Site "Denmark"]
[Date "1998.03.01"]
[Round "?"]
[White "Elwert, Hans Marcus"]
[Black "Oosterom, Joop Van"]
[Result "0-1"]
[WhiteElo "2681"]
[BlackElo "2684"]
[PlyCount "64"]
[EventDate "1998.??.??"]
[EventType "tourn (corr)"]
[EventRounds "14"]
[EventCountry "DEN"]
[EventCategory "11"]
[SourceTitle "Corr 2024"]
[Source "ChessBase"]
[SourceDate "2023.10.19"]
[SourceVersion "1"]
[SourceVersionDate "2023.10.19"]
[SourceQuality "1"]

1. Nf3 Nf6 2. c4 g6 3. d4 Bg7 4. Nc3 0-0 5. e4 d6 6. Be2 e5 7. 0-0 Nc6 8. d5 Ne7 9. b4 Nh5 10. Qb3 h6 11. a4 Nf4 12. Nd2 f5 13. f3 Nxe2+ 14. Nxe2 g5 15. c5 f4 16. Ba3 Ng6 17. b5 Rf7 18. b6 dxc5 19. bxc7 Qxc7 20. Nc3 Bf8 21. Bb2 g4 22. Nb5 Qd8 23. fxg4 Bxg4 24. Kh1 a6 25. Nc3 Rc8 26. a5 c4 27. Qc2 Bb4 28. Qa4 Bc5 29. Nf3 Bd4 30. Qb4 Bxf3 31. gxf3 Rg7 32. Na4 c3 0-1

[Event "Korning mem corr"]
[Site "Denmark"]
[Date "1998.??.??"]
[Round "?"]
[White "Elwert, Hans Marcus"]
[Black "Jardorf, Sven"]
[Result "1-0"]
[WhiteElo "2681"]
[BlackElo "2484"]
[PlyCount "71"]
[EventDate "1998.??.??"]
[EventType "tourn (corr)"]
[EventRounds "14"]
[EventCountry "DEN"]
[EventCategory "11"]
[SourceTitle "Corr 2002"]
[Source "ChessBase"]
[SourceDate "2002.05.23"]
[SourceVersion "1"]
[SourceVersionDate "2002.05.23"]
[SourceQuality "1"]

1. Nf3 d5 2. d4 Nf6 3. c4 dxc4 4. Nc3 a6 5. e4 b5 6. e5 Nd5 7. a4 Nxc3 8. bxc3 Bb7 9. e6 f6 10. Bf4 Qd5 11. Be2 Qxe6 12. 0-0 c6 13. Re1 Qf5 14. Bg3 Qd7 15. Nd2 c5 16. axb5 axb5 17. Rxa8 Bxa8 18. Qa1 Bc6 19. Bxb8 cxd4 20. cxd4 Kf7 21. Nb1 Qb7 22. Bg3 Bxg2 23. Nc3 Bh3 24. f3 Bd7 25. Rb1 e6 26. Nxb5 Bxb5 27. Bxc4 Qc6 28. Bxb5 Qxf3 29. Bc4 Qe3+ 30. Bf2 Qg5+ 31. Kf1 Bd6 32. Rb7+ Kg6 33. Bxe6 Kh6 34. Qc3 Rf8 35. Qh3+ Kg6 36. Bf5+ 1-0